Normal view
MARC view
Entry Personal Name
001 - CONTROL NUMBER
- control field: 265403
003 - CONTROL NUMBER IDENTIFIER
- control field: OSt
005 - DATE AND TIME OF LATEST TRANSACTION
- control field: 20260606095122.0
008 - FIXED-LENGTH DATA ELEMENTS
- fixed length control field: 260606|| aca||aabn | a|a d
040 ## - CATALOGING SOURCE
- Original cataloging agency: OSt
- Transcribing agency: OSt
100 ## - HEADING--PERSONAL NAME
- Personal name: HARIJIT (J J),Tr.
- Dates associated with a name: ಜೆ. ಜೆ. ಹರಿಜಿತ್
670 ## - SOURCE DATA FOUND
- Source citation: Work cat.: (OSt)104770: HARIJIT (J J),Tr. ಜೆ. ಜೆ. ಹರಿಜಿತ್, Ondu aitihasika atmakathe, 2001